000
00251nam a22001097a 4500
082
_a
621 BOL
100
_a
BOLZ,ROGER W
_9
62265
245
_a
PRODUCTION PROCESSES THE PRODUCTIVITY HANDBOOK
260
_a
PDF
_b
PDF
_c
1974
300
_a
952P
942
_c
BK
999
_c
581589
_d
581589